Can the Poor Influence Policy? : Participatory Poverty Assessments in the Developing World /

Obra que muestra el uso de metodologías participativas en los estudios y evaluaciones de la pobreza, encaminadas a recoger la voz y perspectiva de la población depauperada para influir en la toma de decisiones de gobiernos y agencias de desarrollo.

محفوظ في:
التفاصيل البيبلوغرافية
المؤلف الرئيسي: Robb, Caroline M. (autor)
التنسيق: كتاب
اللغة:الإنجليزية
منشور في: Washington, EUA : Banco Mundial, 1999, c1999
سلاسل:(Directions in Development)
الموضوعات:
الوسوم: إضافة وسم
لا توجد وسوم, كن أول من يضع وسما على هذه التسجيلة!

MARC

LEADER 00000nam^a2200000^a^4500
001 000120881
005 20250521000000.0
009 20260310094406.04
020 |a 0-8213-4144-8 
037 |a Acervo ITESO - Biblioteca 
041 |a ING 
082 |a 362. 5  |b ROB 
100 |a Robb, Caroline M.  |e (autor) 
245 1 0 |a Can the Poor Influence Policy? :  |b Participatory Poverty Assessments in the Developing World /  |c C.M. Robb ; pról. de Gloria Davis, Michael Walton. 
264 4 |a Washington, EUA :  |b Banco Mundial,  |c 1999, c1999 
300 |a XVIII, 128 p. 
336 |a texto  |b txt  |2 rdacontenido 
337 |a sin mediación  |b n  |2 rdamedio 
338 |a volumen  |b nc  |2 rdasoporte 
440 1 |a (Directions in Development) 
520 |a Obra que muestra el uso de metodologías participativas en los estudios y evaluaciones de la pobreza, encaminadas a recoger la voz y perspectiva de la población depauperada para influir en la toma de decisiones de gobiernos y agencias de desarrollo. 
649 |a XX 
650 |a Pobreza -  |x Evaluación 
650 |a Problemas Sociales 
650 |a Países Subdesarrollados 
650 |a Subdesarrollo 
650 |a Política Social 
650 |a Desarrollo Económico-Social 
650 |a Participación Social 
650 |a Metodología 
910 |a Fondo General 
920 |a Impresos - Libros 
930 |a Colección General 
905 |a 101 
901 |a 0500055411  |b IT1  |c ACC  |u 20250521 
901 |a 0500055414  |b IT1  |c ACC  |u 20250521 
902 |a https://opac.biblio.iteso.mx/vufind/Record/000120881